000 00333 a2200169 4500
001 191460
020 _a85-00-90670-7
040 _cMagnum
100 _aAlencar, José de
240 1 0 _aSenhora
_lpor
245 1 0 _aSenhora
300 _a272
362 0 _a1997
440 1 _aEdiouro
697 _aLITERATURA GERAL
942 _cBK
999 _c191460
_d191460